000 00953njm a22002657a 4500
005 20100918120149.0
007 sd ammalaaahaa
008 100913t xxu||||| |||| 00| 0 hin d
028 _a2675 502
_bMusic India
035 _aGR-03547
040 _aSED/VEN
100 _aJalota, Anup
_91184
245 _aIn concernt - Anup Jalota /
_cby Anup Jalota
_h[sound recording] :
260 _aDum Dum India
_bMusic India
_c1981
300 _a1 sound disc [Gramophone record] :
_banalog, 33 1/3 rpm
_c12.5 in. (LP)
_fGramophone Record
500 _aBrief Record
500 _aRecord label :Music India, White
505 _aSide-1 (Zulmate shab ko sitaron se) (Anup Jalota) Side-२ (Ashaar mere yoon to) (Anup Jalota)
600 _aJalota, Anup
_919992
650 _aGhazals
_xExcerpts
_zIndia
_919603
650 _920612
700 _920637
942 _2ddc
_cGR
999 _c46711
_d46711